| 000 | 02216nam a2200253Ia 4500 | ||
|---|---|---|---|
| 003 | Ost | ||
| 005 | 20260416102354.0 | ||
| 008 | 260416s9999||||xx |||||||||||||| ||und|| | ||
| 040 | _cfsecg | ||
| 041 | _aara | ||
| 082 | _a338.7 | ||
| 100 |
_aبولحريق، محند _eمؤلف |
||
| 245 | 0 |
_aالحوكمة والمحاسبة : _b( مجموعة من المحاضرات موجهة لطلاب الماستر) / _c محند بولحريق |
|
| 260 |
_aالجزائر _bجامعة الجزائر3: كلية العلوم الإقتصادية، العلوم التجارية وعلوم التسيير _c2019 |
||
| 300 |
_a160 ورقة _bايضاحات _c30 سم |
||
| 504 | _aمراجع ص.159 ملاحق ص.158 | ||
| 520 | _aعموميات حول حوكمة الشركات: الاطار النظري لحوكمة الشركات، مبادئ حوكمة الشركات لمختلف المنظمات الدولية، النظريات المفسرة لحوكمة الشركات، النماذج الدولية لحوكمة الشركات، تجارب دولية في تطبيق مبادئ حوكمة الشركات، حوكمة الشركات و السلوك الاخلاقي، حوكمة الشركات و المسؤولية الاجتماعية/ حوكمة الشركات و علاقتها بالمحاسبة و المالية : حوكمة الشركات و المعلومات المحاسبية، المراجعة كأداة من أدوات حوكمة الشركات، المراجعة الداخلية و حوكمة الشركات، المراجعة الخارجية و حوكمة الشركات، مجلس الادارة و حوكمة الشركات، حوكمة الشركات و دورها في تحسين الآداء المالي للمؤسسة، حوكمة الشركات و دورها في محاربة الفساد المالي في المؤسسة. | ||
| 653 | _aالشركات | ||
| 653 | _aالشركات-الوضع المالي | ||
| 653 | _aالشركات-محاسبة | ||
| 653 | _aمراجعة الحسابات | ||
| 710 |
_aجامعة الجزائر3: كلية العلوم الإقتصادية، العلوم التجارية وعلوم التسيير _eناشر علمي |
||
| 942 | _cHANDOUT | ||
| 999 |
_c41118 _d41118 |
||